00658caa a22001452a 4500001000900000003001100009008004300020100001800063245007400081300001600155500013900171650001500310546001300325773017400338 016453 AR-FADEU 311216n########xxu####################dd aJohnson, Mark aType-driven semantic interpretation and feature dependencies in R-LFG aPP. 359-388 aEn: Semantics and syntax in lexical functional grammar : the resource logic approach / ed. Mary Dalrymple. Cambridge : MIT Press, 1999 a/MAESTRIA/ aInglés0 022164aDalrymple, Mary, ed.bd MIT Presso01665tSemantics and syntax in lexical functional grammar : the resource logic approachw( AR-FADEU) 016412xz0-262-04171-5